Eläinlogoja ulkomailta - seuravisa - Statistics

Yleistilastot
  • Tätä visaa on pelattu 18 kertaa
  • Keskiarvotulos 7 / 12
Vastaustilastot
Kuvavisa Hint Vastaus % Oikein
Iso-Britannia Brentford FC
100%
Iso-Britannia Brighton & Hove Albion
100%
Yhdysvallat Florida Panthers
100%
Iso-Britannia Liverpool
100%
Iso-Britannia Newcastle United
100%
Yhdysvallat Pittsburgh Penguins
100%
Saksa Union Berlin
100%
Kanada Vancouver Canucks
100%
Yhdysvallat Anaheim Ducks
83%
Iso-Britannia Tottenham Hotspur
83%
Saksa Bayer Leverkusen
80%
Yhdysvallat Buffalo Sabres
80%
Yhdysvallat Utah Mammoth
75%
Saksa Eintracht Frankfurt
67%
Ruotsi Linköping HC
67%
Ruotsi Malmö Redhawks
67%
Yhdysvallat Nashville Predators
67%
Yhdysvallat San Jose Sharks
67%
Iso-Britannia Chelsea
60%
Kiina Kunlun Red Star
60%
Ruotsi Rögle BK
60%
Venäjä Avangard Omsk
57%
Iso-Britannia Leicester City
57%
Iso-Britannia Aston Villa
50%
Iso-Britannia Crystal Palace
50%
Saksa RB Leipzig
50%
Iso-Britannia Ipswich Town
40%
Ruotsi Växjö Lakers HC
40%
Venäjä Amur Habarovsk
33%
Kazakstan Barys Astana
29%
Venäjä AK Bars Kazan
20%
Saksa SC Freiburg
20%
Iso-Britannia Wolverhampton Wanderers
20%
Venäjä HK Sotši
17%
Venäjä Torpedo Nižni Novgorod
17%
Venäjä Traktor Tšeljabinsk
17%
Venäjä Lada Toljatti
0%
Venäjä Metallurg Magnitogorsk
0%
Venäjä Neftehimik Nižnekamsk
0%
Ehtoja vastaavia visoja ei löytynyt
Tulosjakauma
Jokaisen tuloksen saaneiden osuus
Persentiili vastausten määrän mukaan
Tuloshistoriasi
Et ole pelannut tätä visaa